|
|
|
|
| LEADER |
00829nab#a2200313#ar4500 |
| 001 |
000081621 |
| 003 |
SVKKK |
| 005 |
20061124130825.0 |
| 008 |
050331c2006 xo e slo |
| FMT |
|
|
|
| 038 |
|
|
|a SVKKK
|
| 040 |
|
|
|a SVKKK
|b slo
|e AACR2
|
| 041 |
0 |
|
|a slo
|
| 044 |
|
|
|a xo
|c SK
|
| 080 |
|
|
|a 75:061.4
|2 1997
|
| 100 |
1 |
|
|a Baluchová, Božena
|4 aut
|
| 245 |
1 |
0 |
|a Biblické dejiny v obrazoch a premenách času
|c Božena Baluchová
|
| 300 |
|
|
|b Fotogr.
|
| 610 |
2 |
4 |
|a Slovenská národná galéria.
|b Esterházyho palác (Bratislava, Slovensko)
|
| 611 |
2 |
4 |
|a Postavy a príbehy Starého zákona
|x výstavy
|
| 773 |
0 |
|
|t Katolícke noviny
|x 0139-8512
|g Roč. 121, č. 30 (2006), s. 25
|
| 957 |
|
|
|a 101
|
| 958 |
|
|
|a NT
|
| 974 |
|
|
|a Čr
|
| 992 |
|
|
|a RBX
|
| BAS |
|
|
|
| 852 |
|
|
|a SVKKK
|b BIB
|
| EXP |
|
|
|
| 998 |
|
|
|a SLO
|